[Event "European Rapid 2014"]
[Site "Wroclaw POL"]
[Date "2014.12.21"]
[Round "10.24"]
[White "Stachowiak, Kamil"]
[Black "Bartel, Mateusz"]
[Result "0-1"]
[WhiteTitle "IM"]
[BlackTitle "GM"]
[WhiteElo "2449"]
[BlackElo "2664"]
[WhiteFideId "1119966"]
[BlackFideId "1112635"]
[EventDate "2014.12.20"]

1. d4 f5 2. Nc3 d5 3. Bg5 c6 4. e3 g6 5. h4 Bg7 6. Nf3 Be6 7. Bd3 Nd7 8. Bf4
Ngf6 9. h5 Ne4 10. hxg6 hxg6 11. Rxh8+ Bxh8 12. Ng5 Bg8 13. g4 e5 14. gxf5 Nxg5
15. dxe5 Nxe5 16. Bxe5 Bxe5 17. f4 Bxc3+ 18. bxc3 Ne4 19. Qg4 Qf6 20. Bxe4 dxe4
21. O-O-O Qxf5 22. Qh4 Qc5 23. Rd4 Qe7 24. Qh6 c5 25. Rd2 Rd8 26. Rg2 Bf7 27.
Rg5 Rd5 28. Rxd5 Bxd5 29. Qxg6+ Kd7 30. a3 Qf7 31. Qg5 Kc6 32. Kb2 Be6 33. Qe5
Qf5 34. Qb8 a6 35. a4 Qd5 36. Kc1 Kb6 37. Qe8 Ka5 38. Kb2 b6 39. Kc1 Bd7 40. Qd8
Bc6 41. Qh4 Bxa4 0-1

[Event "European Rapid 2014"]
[Site "Wroclaw POL"]
[Date "2014.12.21"]
[Round "10.25"]
[White "Edouard, Romain"]
[Black "Ladva, Ottomar"]
[Result "1-0"]
[WhiteTitle "GM"]
[BlackTitle "FM"]
[WhiteElo "2659"]
[BlackElo "2404"]
[WhiteFideId "633429"]
[BlackFideId "4500024"]
[EventDate "2014.12.20"]

1. d4 d5 2. c4 e6 3. Nf3 Nf6 4. Nc3 c5 5. cxd5 Nxd5 6. e3 Nc6 7. Bd3 Be7 8. O-O
cxd4 9. exd4 Ncb4 10. Bb5+ Bd7 11. Bxd7+ Qxd7 12. Ne5 Qd6 13. Ne4 Qb6 14. Qg4 g6
15. Qd1 O-O 16. Nd7 Qb5 17. Nxf8 Rxf8 18. Bg5 Bxg5 19. Nxg5 Nd3 20. Qf3 N3f4 21.
Rae1 Qxb2 22. g3 h6 23. Ne4 Nh3+ 24. Kg2 Ng5 25. Nxg5 hxg5 26. Qg4 Qd2 27. Re2
Qd3 28. Re5 Qd2 29. Qxg5 Qxg5 30. Rxg5 Rc8 31. Rb1 b6 32. Rb2 Rc4 33. Rg4 a5 34.
h4 Kh7 35. Re4 Kg7 36. Rd2 b5 37. Re1 b4 38. Rb1 Rc3 39. Rb3 Rc1 40. Rbb2 Nc3
41. Kf3 Kf6 42. Rbc2 Ra1 43. Ke3 Ke7 44. Kd3 Kd6 45. Kc4 Rg1 46. Kb3 Rf1 47. Rd3
Kd5 48. a3 Rb1+ 49. Rb2 Rc1 50. Rdd2 Nb5 51. axb4 axb4 52. Kxb4 Nxd4 53. Ka5 e5
54. Kb6 f5 55. Kb7 Ke6 56. Rb6+ Kf7 57. f4 Nf3 58. Rd7+ Ke8 59. Rh7 exf4 60.
gxf4 Rg1 61. Ka8 Ra1+ 62. Kb8 Rg1 63. Rbb7 Kf8 64. Rh8# 1-0

[Event "European Rapid 2014"]
[Site "Wroclaw POL"]
[Date "2014.12.21"]
[Round "10.26"]
[White "Bologan, Viktor"]
[Black "Socko, Monika"]
[Result "0-1"]
[WhiteTitle "GM"]
[BlackTitle "GM"]
[WhiteElo "2643"]
[BlackElo "2470"]
[WhiteFideId "13900048"]
[BlackFideId "1106619"]
[EventDate "2014.12.20"]

1. d4 Nf6 2. c4 g6 3. Nc3 Bg7 4. e4 d6 5. Nge2 O-O 6. Ng3 e5 7. d5 a5 8. Be2 Na6
9. h4 h5 10. Bg5 Qe8 11. Qd2 a4 12. O-O-O Nc5 13. Kb1 Bd7 14. Bh6 Nh7 15. Bxh5
gxh5 16. Nxh5 Bh8 17. g4 Bxg4 18. Rdg1 f5 19. Ng3 Kf7 20. exf5 Rg8 21. Qc2 Bf3
22. Nge4 Bxh1 23. Rxh1 Nxe4 24. Nxe4 Bf6 25. c5 Ke7 26. Bg5 Qd7 27. f4 Qxf5 28.
fxe5 dxe5 29. d6+ Kf8 30. dxc7 Rc8 31. Qd3 Kg7 32. Rf1 Qg6 33. Bxf6+ Nxf6 34.
Rxf6 Qg4 35. Rf3 Kh8 36. Ng5 Rxc7 37. Nf7+ Rxf7 38. Rxf7 Qg1+ 39. Rf1 Qg4 40.
Qe3 Qg6+ 41. Ka1 Qe6 42. a3 e4 43. Re1 Rd8 44. Qc3+ Kh7 45. Qb4 e3 46. Qxa4 Rd2
47. Qf4 Qb3 48. Qe4+ Kh8 49. Qe5+ Kh7 50. Qf5+ Kh8 51. Qf6+ Kh7 52. Qe7+ Kh8 53.
Qe5+ Kh7 54. h5 Rd1+ 55. Rxd1 Qxd1+ 56. Ka2 e2 57. Qe4+ Kg8 58. Qe8+ Kg7 59.
Qg6+ Kf8 60. Qf5+ Ke7 61. Qe4+ Kd8 62. Qh4+ Kd7 63. Qg4+ Kc7 64. Qf4+ Kc6 65.
Qf6+ Kxc5 66. Qf8+ Kc6 67. Qe8+ Kb6 68. Qe3+ Ka6 69. Qe6+ Ka7 70. Qe3+ b6 71.
Qe7+ Ka6 0-1

[Event "European Rapid 2014"]
[Site "Wroclaw POL"]
[Date "2014.12.21"]
[Round "10.27"]
[White "Azarov, Sergei"]
[Black "Skytte, Rasmus"]
[Result "1-0"]
[WhiteTitle "GM"]
[BlackTitle "IM"]
[WhiteElo "2635"]
[BlackElo "2424"]
[WhiteFideId "13501470"]
[BlackFideId "1404210"]
[EventDate "2014.12.20"]

1. e4 g6 2. d4 Bg7 3. Nf3 Nf6 4. Nc3 d5 5. e5 Ne4 6. Nxe4 dxe4 7. Ng5 c5 8. Bc4
O-O 9. e6 f5 10. d5 b5 11. Be2 c4 12. a4 Bb7 13. axb5 Qxd5 14. Qxd5 Bxd5 15. O-O
a6 16. Ra5 axb5 17. Rxb5 Bc6 18. Rc5 Rc8 19. Rxc4 Na6 20. c3 Bb7 21. Rxc8+ Rxc8
22. Rd1 Nc5 23. Be3 Bf6 24. Rd7 Bxg5 25. Bxg5 Nxd7 26. exd7 Rd8 27. Bc4+ Kg7 28.
Be6 Bc6 29. Bxe7 Rxd7 30. Bxd7 Bxd7 31. c4 Ba4 32. b4 Kf7 33. Bg5 Ke6 34. b5 Bc2
35. b6 Kd7 36. c5 Kc6 37. h4 Bd3 38. Kh2 Ba6 39. Be3 f4 40. Bxf4 Kxc5 41. Bc7
Bb7 42. Kg3 Kd5 43. Kf4 Ke6 44. Kg5 Kf7 45. g3 Ba8 46. Kh6 Kg8 47. Bd6 Bb7 48.
h5 gxh5 49. Kxh5 Kf7 50. Kh6 Kg8 51. g4 Ba8 52. g5 Bb7 53. g6 hxg6 54. Kxg6 Ba8
55. Bc5 Bb7 56. Kf6 Kh7 57. Ke7 1-0

[Event "European Rapid 2014"]
[Site "Wroclaw POL"]
[Date "2014.12.21"]
[Round "10.28"]
[White "Swiercz, Dariusz"]
[Black "Raetsky, Alexander"]
[Result "1-0"]
[WhiteTitle "GM"]
[BlackTitle "GM"]
[WhiteElo "2616"]
[BlackElo "2423"]
[WhiteFideId "1126881"]
[BlackFideId "4103203"]
[EventDate "2014.12.20"]

1. d4 d5 2. Nf3 Nf6 3. c4 dxc4 4. e3 Bg4 5. Bxc4 e6 6. Nc3 a6 7. h3 Bh5 8. Be2
Nc6 9. O-O Bd6 10. Nd2 Bxe2 11. Qxe2 e5 12. d5 Ne7 13. e4 O-O 14. Nc4 h6 15. a4
Qd7 16. a5 Ng6 17. Bd2 Nh7 18. Nxd6 cxd6 19. Na4 Rae8 20. Nb6 Qd8 21. Rac1 Nf4
22. Bxf4 exf4 23. Rfe1 f5 24. Qd3 fxe4 25. Rxe4 f3 26. Rxe8 Qxe8 27. Qe3 Qh5 28.
Nd7 Re8 29. Qxf3 Qxf3 30. gxf3 Re2 31. b3 Kf7 32. Rc7 Re7 33. Ne5+ Kf6 34. Ng4+
Kf7 35. Ne5+ Kf6 36. Ng4+ Kf7 37. Rc4 Nf6 38. Ne3 Re5 39. Rc7+ Kg6 40. f4 Nxd5
41. Rxg7+ Kxg7 42. fxe5 Nxe3 43. exd6 Kf6 44. fxe3 Ke6 45. Kf2 Kxd6 46. e4 1-0

[Event "European Rapid 2014"]
[Site "Wroclaw POL"]
[Date "2014.12.21"]
[Round "10.29"]
[White "Bodnaruk, Anastasia"]
[Black "Mista, Aleksander"]
[Result "1-0"]
[WhiteTitle "IM"]
[BlackTitle "GM"]
[WhiteElo "2416"]
[BlackElo "2614"]
[WhiteFideId "4181751"]
[BlackFideId "1110381"]
[EventDate "2014.12.20"]

1. e4 c5 2. Nf3 e6 3. Nc3 d6 4. d4 cxd4 5. Nxd4 Nf6 6. Be2 a6 7. O-O Qc7 8. a4
b6 9. f4 Nbd7 10. Bf3 Bb7 11. Re1 g6 12. e5 dxe5 13. fxe5 Nh5 14. Kh1 Bxf3 15.
Qxf3 Rd8 16. Bg5 Rc8 17. g4 Bc5 18. Rad1 Ng7 19. Ne4 O-O 20. Nf6+ Nxf6 21. exf6
Rfd8 22. Nc6 Rxd1 23. Rxd1 Ne8 24. b4 Bf8 25. b5 axb5 26. axb5 e5 27. Rd5 h6 28.
Bh4 Nd6 29. Ne7+ Bxe7 30. fxe7 g5 31. Qf6 Ne8 32. Qc6 Qxc6 33. bxc6 Rc7 34. Rd8
Rxe7 35. c7 Rxc7 36. Rxe8+ Kg7 37. Bg3 f6 38. Rb8 Rc6 39. c3 Kg6 40. Kg2 h5 41.
h3 hxg4 42. hxg4 Kf7 43. Be1 Ke6 44. Kf3 Kd5 45. Rd8+ Ke6 46. Bd2 Ke7 47. Rb8
Kd7 48. Ke4 Ke6 49. Kd3 Rd6+ 50. Kc2 Kd7 51. Be3 Kc7 52. Rf8 Kc6 53. Kb3 Kd5 54.
Rb8 Ke4 55. Rxb6 Rd1 56. Bc5 Rf1 57. Kc4 Rf4 58. Be7 Kf3+ 59. Kd5 e4 60. Bxf6 e3
61. Re6 e2 62. Bxg5 Rxg4 63. Bd2 Rg8 64. Kc4 Rd8 65. Be1 Rd1 66. Bh4 Rh1 67.
Rf6+ Kg4 68. Kd3 Rxh4 69. Kxe2 Kg5 70. Rf8 Rc4 71. Kd3 Rc7 72. c4 Kg6 73. Kd4
Kg7 74. Rf4 Rd7+ 75. Kc5 Rd1 76. Kc6 1-0

[Event "European Rapid 2014"]
[Site "Wroclaw POL"]
[Date "2014.12.21"]
[Round "10.30"]
[White "Janaszak, Dawid"]
[Black "Kempinski, Robert"]
[Result "0-1"]
[WhiteTitle "FM"]
[BlackTitle "GM"]
[WhiteElo "2363"]
[BlackElo "2626"]
[WhiteFideId "1119206"]
[BlackFideId "1105663"]
[EventDate "2014.12.20"]

1. d4 Nf6 2. Nf3 g6 3. g3 d5 4. Bg2 Bg7 5. O-O O-O 6. c4 Nc6 7. cxd5 Nxd5 8. Nc3
Nb6 9. d5 Na5 10. Nd4 e6 11. e4 exd5 12. exd5 c6 13. Nb3 Nxd5 14. Nxd5 cxd5 15.
Nxa5 Qxa5 16. Qxd5 Qxd5 17. Bxd5 Rd8 18. Bg2 Be6 19. Be3 Bd4 20. Bxd4 Rxd4 21.
b3 Rb4 22. Rac1 a5 23. Rc7 Rb8 24. Rd1 b5 25. Rcc1 a4 26. bxa4 Rxa4 27. Bd5 Bxd5
28. Rxd5 Rxa2 29. Rd7 Rb6 30. Rcc7 Rf6 31. f4 Rb2 32. Kf1 Ra6 33. Ke1 Rxh2 34.
Rd1 0-1

[Event "European Rapid 2014"]
[Site "Wroclaw POL"]
[Date "2014.12.21"]
[Round "10.31"]
[White "Krasenkow, Michal"]
[Black "Sieciechowicz, Marcin"]
[Result "1-0"]
[WhiteTitle "GM"]
[BlackTitle "IM"]
[WhiteElo "2614"]
[BlackElo "2447"]
[WhiteFideId "1113100"]
[BlackFideId "1130170"]
[EventDate "2014.12.20"]

1. d4 Nf6 2. c4 g6 3. Nc3 d5 4. cxd5 Nxd5 5. e4 Nxc3 6. bxc3 Bg7 7. Bg5 c5 8.
Rc1 O-O 9. d5 Qd6 10. Qd2 Nd7 11. Nf3 e5 12. Qc2 f5 13. Nd2 Nb6 14. Nc4 Nxc4 15.
Bxc4 f4 16. Be7 Qd7 17. d6+ Kh8 18. Bxf8 Bxf8 19. Rd1 b5 20. Be2 Bb7 21. Qb2 c4
22. f3 Bxd6 23. Qa3 Bxa3 24. Rxd7 Bc6 25. Rc7 Be8 26. O-O Bd6 27. Rb7 Kg8 28.
Rd1 Bc6 29. Rxb5 Bxb5 30. Rxd6 a6 31. Rd5 Kf7 32. Rxe5 Rd8 33. a4 Bxa4 34. Bxc4+
Kg7 35. Bxa6 Rd1+ 36. Kf2 Rd2+ 37. Kf1 Rd1+ 38. Ke2 Ra1 39. Bd3 Ra2+ 40. Kf1
Ra1+ 41. Kf2 Ra2+ 42. Kg1 Ra1+ 43. Bf1 Bd1 44. Kf2 Ra2+ 45. Ke1 Ra1 46. Be2 Bb3+
47. Kd2 Ra2+ 48. Kd3 Bc2+ 49. Kd4 Bb3 50. Bd3 Rxg2 51. Re7+ Kf8 52. Rxh7 g5 53.
c4 Rf2 54. c5 Ba4 55. e5 Rd2 56. Kc3 Rf2 57. Be4 Re2 58. e6 g4 59. e7+ Kg8 60.
c6 Bxc6 61. Bxc6 gxf3 62. Bxf3 Re5 63. Kd4 Kxh7 64. Be2 Rxe2 65. Kc3 Kg8 1-0

[Event "European Rapid 2014"]
[Site "Wroclaw POL"]
[Date "2014.12.21"]
[Round "10.32"]
[White "Licznerski, Lukasz"]
[Black "Grigoriants, Sergey"]
[Result "0-1"]
[WhiteTitle "FM"]
[BlackTitle "GM"]
[WhiteElo "2318"]
[BlackElo "2570"]
[WhiteFideId "1179250"]
[BlackFideId "4130804"]
[EventDate "2014.12.20"]

1. e4 c5 2. Nf3 d6 3. d4 cxd4 4. Nxd4 Nf6 5. Nc3 a6 6. Be2 e6 7. O-O Be7 8. f4
O-O 9. Kh1 Qc7 10. Be3 b5 11. Bf3 Bb7 12. e5 dxe5 13. fxe5 Nfd7 14. Bf4 Nc6 15.
Nxc6 Bxc6 16. Bxc6 Qxc6 17. Qg4 f5 18. exf6 Nxf6 19. Qe2 b4 20. Nd1 Nd5 21. Bg3
Rxf1+ 22. Qxf1 Qxc2 23. Qe1 Qf5 24. Ne3 Nxe3 25. Qxe3 Bf6 26. Qe2 a5 27. Rf1 Qd5
28. b3 Rd8 29. Qa6 e5 30. Re1 Re8 31. Qe2 e4 32. Rd1 Qc5 33. Bd6 Qc6 34. Bf4 e3
35. Bg3 Qe4 36. h3 Be5 37. Bxe5 Qxe5 38. Rd7 h6 39. Qc4+ Kh8 40. Qe2 Qf5 41. Rd1
Qf2 42. Qb5 Rf8 43. Qc5 e2 0-1

[Event "European Rapid 2014"]
[Site "Wroclaw POL"]
[Date "2014.12.21"]
[Round "10.33"]
[White "Aleksandrov, Aleksej"]
[Black "Konopka, Michal"]
[Result "1-0"]
[WhiteTitle "GM"]
[BlackTitle "IM"]
[WhiteElo "2593"]
[BlackElo "2418"]
[WhiteFideId "13500139"]
[BlackFideId "308633"]
[EventDate "2014.12.20"]

1. d4 Nf6 2. c4 g6 3. Nc3 d5 4. cxd5 Nxd5 5. Bd2 Bg7 6. e4 Nxc3 7. bxc3 c5 8. d5
e6 9. Bc4 exd5 10. Bxd5 Nd7 11. Ne2 Nb6 12. Bb3 O-O 13. O-O Qe7 14. Be3 Bd7 15.
a4 Rfd8 16. Qb1 Bc6 17. f3 Nd7 18. Qa2 Nf6 19. Rae1 Bd5 20. c4 Be6 21. Nf4 b6
22. Nd5 Qd7 23. Rd1 Bxd5 24. cxd5 Ne8 25. f4 Nd6 26. e5 Nf5 27. Bf2 h5 28. d6
Re8 29. Rfe1 Kf8 30. Bc4 Bh6 31. g3 Ng7 32. Qb3 h4 33. Bb5 Qe6 34. Qf3 hxg3 35.
hxg3 Red8 36. g4 Ne8 37. f5 gxf5 38. gxf5 Qa2 39. Re2 1-0

[Event "European Rapid 2014"]
[Site "Wroclaw POL"]
[Date "2014.12.21"]
[Round "10.34"]
[White "Kulaots, Kaido"]
[Black "Wieczorek, Oskar"]
[Result "0-1"]
[WhiteTitle "GM"]
[BlackTitle "IM"]
[WhiteElo "2563"]
[BlackElo "2425"]
[WhiteFideId "4500261"]
[BlackFideId "1133950"]
[EventDate "2014.12.20"]

1. e4 c5 2. Nf3 e6 3. d4 cxd4 4. Nxd4 Nc6 5. Nc3 Qc7 6. f4 a6 7. Nxc6 bxc6 8. e5
Bb7 9. Be2 Nh6 10. Be3 Nf5 11. Bf2 Bb4 12. Qd3 c5 13. a3 c4 14. Qh3 Bc5 15. O-O
O-O 16. Bf3 Rab8 17. Rab1 f6 18. Bxb7 Rxb7 19. exf6 Rxf6 20. Ne4 Bxf2+ 21. Rxf2
Rh6 22. Qf3 d5 23. Ng5 Qc5 24. b4 cxb3 25. cxb3 Rf6 26. b4 Qb6 27. Rc1 h6 28.
Nh3 Kh7 29. Kh1 Rc7 30. Rff1 Rff7 31. Qd3 Kg8 32. Ng1 Ne3 33. Rxc7 Rxc7 34. Re1
Ng4 35. Nh3 Qf2 36. Rf1 Qc2 37. Qxa6 Rc6 38. Qa8+ Kh7 39. Qe8 Qc1 40. Kg1 Qe3+
41. Kh1 Rc1 42. Qb5 d4 43. g3 d3 44. Rxc1 Qxc1+ 45. Kg2 Qd2+ 46. Kf3 Qe2# 0-1

[Event "European Rapid 2014"]
[Site "Wroclaw POL"]
[Date "2014.12.21"]
[Round "10.35"]
[White "Butkiewicz, Lukasz"]
[Black "Loginov, Valery A"]
[Result "0-1"]
[WhiteTitle "IM"]
[BlackTitle "GM"]
[WhiteElo "2422"]
[BlackElo "2486"]
[WhiteFideId "1122428"]
[BlackFideId "4126297"]
[EventDate "2014.12.20"]

1. e4 c5 2. Nf3 d6 3. d4 cxd4 4. Nxd4 Nf6 5. Nc3 Nc6 6. Bg5 e6 7. Qd2 a6 8.
O-O-O Bd7 9. f4 Be7 10. f5 Ne5 11. Be2 b5 12. a3 Rb8 13. g4 h6 14. Bh4 b4 15.
axb4 Rxb4 16. Bxf6 Bxf6 17. Nd5 Bg5 18. Nxb4 Qb6 19. c3 a5 20. Nbc2 Bxd2+ 21.
Rxd2 O-O 22. Ne3 Rc8 23. Rhd1 a4 24. Nec2 Qb7 25. Re1 Rb8 26. Nb4 Qxe4 27. Ndc2
Qf4 28. Rf1 Qg5 29. h4 Qxh4 30. Rxd6 exf5 31. gxf5 Qg5+ 32. Kd1 Bxf5 33. Nd4 Be4
34. Re1 Ng4 35. Bxg4 Qxg4+ 36. Re2 Bf3 37. Nxf3 Qxf3 38. Rd3 Qf1+ 39. Kd2 Qb1 0-1

[Event "European Rapid 2014"]
[Site "Wroclaw POL"]
[Date "2014.12.21"]
[Round "10.36"]
[White "Berzinsh, Roland"]
[Black "Ziaziulkina, Nastassia"]
[Result "1-0"]
[WhiteTitle "IM"]
[BlackTitle "IM"]
[WhiteElo "2395"]
[BlackElo "2427"]
[WhiteFideId "11600357"]
[BlackFideId "13505211"]
[EventDate "2014.12.20"]

1. e4 c5 2. Nf3 d6 3. Bc4 e6 4. O-O Nf6 5. Re1 a6 6. Bb3 Qc7 7. c3 c4 8. Bc2 b5
9. a4 Bb7 10. axb5 axb5 11. Rxa8 Bxa8 12. d4 e5 13. Na3 Bc6 14. b3 cxb3 15. Bd3
Be7 16. Qxb3 O-O 17. d5 Bd7 18. Bxb5 Rc8 19. c4 Bxb5 20. Qxb5 Nbd7 21. Qb1 Nc5
22. Nd2 Ra8 23. Nb3 Nxb3 24. Qxb3 Rb8 25. Nb5 Qa5 26. Kf1 Nd7 27. Ba3 Rb6 28.
Bb4 Qa8 29. g3 h6 30. Kg2 Qa6 31. Re2 Qc8 32. Ra2 Nc5 33. Bxc5 Qxc5 34. Ra7 Bf8
35. Qf3 f6 36. Rc7 Qb4 37. h4 Rb8 38. Qg4 Ra8 39. h5 Kh8 40. Rc8 Rxc8 41. Qxc8
Kg8 42. Qe6+ Kh7 43. Qc8 Be7 44. Na7 Qb1 45. Qf5+ Kh8 46. Nc6 Bf8 47. Qg6 Qc2
48. Nd8 Kg8 49. Ne6 Qxc4 50. Qe8 Qxe4+ 51. Kh2 Qf3 52. Qxf8+ 1-0

[Event "European Rapid 2014"]
[Site "Wroclaw POL"]
[Date "2014.12.21"]
[Round "10.37"]
[White "Ivekovic, Zvonimir"]
[Black "Pakleza, Zbigniew"]
[Result "0-1"]
[BlackTitle "IM"]
[WhiteElo "2360"]
[BlackElo "2498"]
[WhiteFideId "14511320"]
[BlackFideId "1119290"]
[EventDate "2014.12.20"]

1. e4 d6 2. d4 Nf6 3. Nc3 c6 4. f3 Qb6 5. Bc4 e6 6. Nge2 d5 7. Bd3 Be7 8. O-O
O-O 9. e5 Nfd7 10. Kh1 c5 11. Na4 Qc7 12. c3 c4 13. Bb1 b5 14. Nc5 Nxc5 15. dxc5
Qxe5 16. f4 Qc7 17. f5 Nd7 18. Ng3 Nf6 19. Bg5 Qxc5 20. Bxf6 Bxf6 21. fxe6 fxe6
22. Qh5 g6 23. Bxg6 Qe7 24. Bc2 Bd7 25. Rae1 Kh8 26. Re2 d4 27. Nf5 Qe8 28. Qxe8
Raxe8 29. Nd6 d3 30. Ref2 dxc2 31. Nxe8 Bxe8 32. Rxc2 Kg7 33. Rd2 Bc6 34. Rd6
Bd5 35. Rd7+ Rf7 36. Rxf7+ Kxf7 37. a3 a5 38. Re1 b4 39. axb4 axb4 40. Re3 bxc3
41. bxc3 Kg6 42. Kg1 Bg5 43. Re2 Kf5 44. Kf2 Bf6 45. Re3 Be4 46. h3 h5 47. g4+
hxg4 48. hxg4+ Kf4 49. Ke2 Bd3+ 50. Kd2 Bxc3+ 0-1

[Event "European Rapid 2014"]
[Site "Wroclaw POL"]
[Date "2014.12.21"]
[Round "10.38"]
[White "Chojnacki, Slawomir"]
[Black "Georgiadis, Nico"]
[Result "1/2-1/2"]
[BlackTitle "IM"]
[WhiteElo "2255"]
[BlackElo "2465"]
[WhiteFideId "1117076"]
[BlackFideId "1300113"]
[EventDate "2014.12.20"]

1. d4 Nf6 2. Nf3 d5 3. Bf4 c5 4. c3 Qb6 5. Qb3 c4 6. Qxb6 axb6 7. Bxb8 Rxb8 8.
Nbd2 b5 9. a3 Bf5 10. e3 h6 11. Be2 e6 12. Ne5 Bd6 13. f4 g5 14. Kf2 Ke7 15. g3
g4 16. Bf1 h5 17. Bg2 Ne4+ 18. Nxe4 dxe4 19. a4 f6 20. axb5 fxe5 21. fxe5 Bc7
22. Ra4 Bb6 23. Rha1 Rbc8 24. Bf1 h4 25. Kg1 hxg3 26. hxg3 Kd7 27. Rxc4 Rxc4 28.
Bxc4 Bd8 29. Bf1 Bg5 30. Re1 Ra8 31. Kf2 Bg6 32. Ke2 Kc7 33. Kd2 Rh8 34. Bg2 Kb6
35. c4 Rh2 36. Rg1 Ka5 37. Ke2 Kb4 38. b3 Kxb3 39. c5 Rh8 40. Ra1 Kc4 41. b6 Kd5
42. Ra3 Kc6 43. Kf2 Rf8+ 44. Ke2 Be7 45. Ke1 Kd5 46. Ra5 Be8 47. Ra8 Bb5 48. Ra5
Bc6 49. Ke2 Bg5 50. Ra3 Rf3 51. Bxf3 exf3+ 52. Kf2 Ke4 53. Rc3 Bh6 54. Ra3 Bg5
55. Rc3 Bh6 56. Ra3 Bg5 57. Rc3 1/2-1/2

[Event "European Rapid 2014"]
[Site "Wroclaw POL"]
[Date "2014.12.21"]
[Round "10.39"]
[White "Brzezinski, Mateusz"]
[Black "Kanep, Meelis"]
[Result "0-1"]
[BlackTitle "GM"]
[WhiteElo "2125"]
[BlackElo "2509"]
[WhiteFideId "1177117"]
[BlackFideId "4501047"]
[EventDate "2014.12.20"]

1. d4 Nf6 2. c4 g6 3. Nc3 Bg7 4. g3 c5 5. Nf3 O-O 6. Bg2 cxd4 7. Nxd4 Nc6 8. O-O
Ng4 9. Nxc6 bxc6 10. Qc2 a5 11. Na4 Rb8 12. Bd2 Ne5 13. Bc3 d6 14. b3 c5 15.
Rad1 Bd7 16. f4 Ng4 17. Bxg7 Kxg7 18. h3 Nf6 19. Nc3 a4 20. e4 axb3 21. axb3 Qb6
22. e5 Ne8 23. Nd5 Qxb3 24. Qxb3 Rxb3 25. Nxe7 Rxg3 26. f5 Ba4 27. exd6 Bxd1 28.
Rxd1 Nf6 29. Kh2 Rc3 30. Nc6 Nd7 31. Bd5 Ra8 32. fxg6 Ra2+ 33. Kg1 hxg6 34. Rf1
Rg3+ 35. Kh1 Rxh3+ 36. Kg1 Rg3+ 37. Kh1 f5 38. Be6 Nf6 39. d7 Rh3+ 40. Kg1 Rg3+
41. Kh1 Ng4 42. d8=Q Rh2# 0-1

[Event "European Rapid 2014"]
[Site "Wroclaw POL"]
[Date "2014.12.21"]
[Round "10.40"]
[White "Alekseev, Evgeny"]
[Black "Frink, Ferenc"]
[Result "1-0"]
[WhiteTitle "GM"]
[BlackTitle "FM"]
[WhiteElo "2679"]
[BlackElo "2106"]
[WhiteFideId "4138147"]
[BlackFideId "704946"]
[EventDate "2014.12.20"]

1. e4 Nc6 2. d4 e5 3. d5 Nce7 4. Be3 Nf6 5. f3 Ng6 6. Qd2 h6 7. Ne2 Be7 8. Nbc3
d6 9. O-O-O a6 10. h4 c5 11. g4 b5 12. Ng3 Nxh4 13. Rxh4 Nxd5 14. Rxh6 Rxh6 15.
Nxd5 Rh8 16. Nh5 g6 17. Nxe7 Qxe7 18. Bg5 Qc7 19. Nf6+ 1-0

[Event "European Rapid 2014"]
[Site "Wroclaw POL"]
[Date "2014.12.21"]
[Round "10.41"]
[White "Semenova, Irina"]
[Black "Riazantsev, Alexander"]
[Result "0-1"]
[WhiteTitle "WGM"]
[BlackTitle "GM"]
[WhiteElo "2215"]
[BlackElo "2684"]
[WhiteFideId "4118367"]
[BlackFideId "4125029"]
[EventDate "2014.12.20"]

1. e4 c6 2. d4 d5 3. Nc3 dxe4 4. Nxe4 Bf5 5. Ng3 Bg6 6. Nh3 e6 7. Nf4 Bd6 8.
Nxg6 hxg6 9. c3 Nf6 10. Bg5 Nbd7 11. Ne4 Be7 12. Nxf6+ gxf6 13. Bf4 Nb6 14. Qd2
Nd5 15. Bg3 Bd6 16. Bxd6 Qxd6 17. g3 Kf8 18. Bg2 Kg7 19. c4 Ne7 20. O-O-O Rad8
21. Be4 c5 22. dxc5 Qxc5 23. Qc2 Rxd1+ 24. Kxd1 b5 25. cxb5 Qxb5 26. Bd3 Qd5 27.
Re1 Rd8 28. Ke2 Nc6 29. Qc4 Nd4+ 30. Kd1 Qxc4 31. Bxc4 Nf3+ 32. Ke2 Nxe1 33.
Kxe1 g5 34. h3 f5 35. b3 Kf6 36. Ke2 Rh8 0-1

[Event "European Rapid 2014"]
[Site "Wroclaw POL"]
[Date "2014.12.21"]
[Round "10.42"]
[White "Kulon, Klaudia"]
[Black "Efimenko, Zahar"]
[Result "0-1"]
[WhiteTitle "WIM"]
[BlackTitle "GM"]
[WhiteElo "2332"]
[BlackElo "2643"]
[WhiteFideId "1131044"]
[BlackFideId "14107201"]
[EventDate "2014.12.20"]

1. c4 e5 2. Nc3 Nc6 3. g3 f5 4. Bg2 Nf6 5. d3 Bb4 6. Bd2 O-O 7. e3 Bxc3 8. Bxc3
d5 9. Ne2 Be6 10. b3 Qe7 11. O-O Rad8 12. Qc1 Kh8 13. Bb2 Rfe8 14. a3 a5 15. d4
e4 16. c5 Bf7 17. Bc3 Bh5 18. Qd2 Bf3 19. b4 axb4 20. axb4 Rb8 21. b5 Nd8 22.
Nc1 Ne6 23. Bxf3 exf3 24. Qd1 Ng5 25. h4 Nh3+ 26. Kh2 Nxf2 27. Qxf3 N2g4+ 28.
Kh3 Qxe3 29. Qxe3 Nxe3 30. Rf3 g6 31. Bd2 Nfg4 32. Ra2 Re4 33. Nd3 Rbe8 34. Bc3
Nd1 35. Ne5 Nxe5 36. dxe5 d4 37. Ba1 Ne3 38. Rd2 Ng4 39. Bxd4 Rd8 40. Rfd3 Kg8
41. c6 bxc6 42. bxc6 Kf7 43. Bg1 Rxd3 44. Rxd3 Nxe5 45. Rd8 Nxc6 46. Rc8 Re7 47.
g4 fxg4+ 48. Kxg4 Ne5+ 49. Kf4 Nd3+ 50. Kg4 Re4+ 51. Kg5 Ne5 52. Rxc7+ Ke6 53.
Kh6 Rxh4+ 54. Kg7 h5 55. Ba7 Rg4 56. Rc8 Kd7 57. Rh8 h4 58. Bb8 Nf3 59. Rf8 Nd4
60. Rf7+ Kc8 61. Be5 h3 62. Rf8+ Kd7 63. Rh8 Nf3 64. Bb8 Nh4 65. Kf6 Kc6 66. Bh2
Kd5 67. Bb8 Ke4 68. Rc8 Kd3 69. Be5 Nf3 70. Rc3+ Ke2 71. Bb8 Rg2 72. Bc7 g5 73.
Kf5 g4 74. Ra3 g3 75. Kg4 h2 0-1

[Event "European Rapid 2014"]
[Site "Wroclaw POL"]
[Date "2014.12.21"]
[Round "10.43"]
[White "Reimanis, Ritvars"]
[Black "Miton, Kamil"]
[Result "0-1"]
[BlackTitle "GM"]
[WhiteElo "2210"]
[BlackElo "2601"]
[WhiteFideId "11602988"]
[BlackFideId "1111914"]
[EventDate "2014.12.20"]

1. d4 Nf6 2. c4 Nc6 3. d5 Ne5 4. e3 d6 5. Nc3 g6 6. Be2 Bg7 7. f4 Ned7 8. Nf3
O-O 9. O-O c6 10. dxc6 bxc6 11. Nd4 Bb7 12. Bf3 Qc7 13. Bd2 e5 14. Nb3 Rfe8 15.
Kh1 Ba6 16. Be2 Rab8 17. Rc1 Bb7 18. Na4 c5 19. Nc3 a6 20. Bf3 Nb6 21. Na5 e4
22. Be2 Bc8 23. b4 cxb4 24. Nd5 Nbxd5 25. cxd5 Qxa5 0-1

[Event "European Rapid 2014"]
[Site "Wroclaw POL"]
[Date "2014.12.21"]
[Round "10.44"]
[White "Halak, Miklos"]
[Black "Dragun, Kamil"]
[Result "1-0"]
[BlackTitle "GM"]
[WhiteElo "2234"]
[BlackElo "2547"]
[WhiteFideId "726400"]
[BlackFideId "1134167"]
[EventDate "2014.12.20"]

1. e4 c5 2. c3 Nf6 3. e5 Nd5 4. d4 cxd4 5. Nf3 d6 6. exd6 Qxd6 7. cxd4 Nc6 8.
Nc3 e6 9. a3 Nxc3 10. bxc3 Be7 11. Bd3 O-O 12. O-O b6 13. Qe2 Bb7 14. h4 Na5 15.
Rb1 Rac8 16. Bd2 Qc6 17. h5 Nc4 18. Bc1 h6 19. Bc2 Bxa3 20. Qd3 f5 21. Bf4 Bd6
22. Bxd6 Qxd6 23. Rfe1 Na3 24. Bb3 Be4 25. Rxe4 fxe4 26. Qxe4 Rf6 27. Re1 Nc4
28. Bc2 Qf4 29. Qh7+ Kf7 30. Bg6+ Ke7 31. Qxg7+ Kd6 32. Qxa7 Rc7 33. Qa8 Rf8 34.
Qa4 Nd2 35. Qa3+ Kd7 36. Ne5+ Kd8 37. Qd6+ Kc8 38. Qxe6+ Kb7 39. Qd5+ Kb8 40. f3
Qg3 41. Ra1 Rb7 42. Qd6+ 1-0